| 000 | 00701nmc a2200253 a 4500 | ||
|---|---|---|---|
| 003 | AR-BaBNM | ||
| 005 | 20251128211218.0 | ||
| 008 | 133020s2001 ||||||||||||||000 | spa|| | ||
| 020 | _a84-7800-863-2 | ||
| 040 | _cAR-BaBNM | ||
| 100 | 1 | _aAlvarez Villar, Julián | |
| 245 | 1 | 0 | _aEl patio de escuelas de la Universidad de Salamanca |
| 260 |
_aSalamanca _bEdiciones Universidad de Salamanca _c2001 |
||
| 300 |
_a47 p. _bláms. |
||
| 490 | 0 |
_aHistoria de la Universidad _vv. 58 |
|
| 650 | 4 | _aHISTORIA SOCIAL | |
| 650 | 4 | _aHISTORIA CULTURAL | |
| 650 | 4 | _aUNIVERSIDADES | |
| 650 | 4 | _aCOLEGIOS UNIVERSITARIOS | |
| 650 | 4 | _aARQUITECTURA | |
| 651 | 4 | _aEspaña | |
| 942 | _cBK | ||
| 998 | _cMariana | ||
| 999 |
_c18741 _d18741 |
||